Conducting online surveys / (Record no. 284557)
[ view plain ]
| 000 -LEADER | |
|---|---|
| fixed length control field | 01417cam a22003494a 4500 |
| 001 - CONTROL NUMBER | |
| control field | 16971835 |
| 003 - CONTROL NUMBER IDENTIFIER | |
| control field | PILC |
| 005 - DATE AND TIME OF LATEST TRANSACTION | |
| control field | 20150601113546.0 |
| 008 - FIXED-LENGTH DATA ELEMENTS--GENERAL INFORMATION | |
| fixed length control field | 110922s2012 caua b 001 0 eng |
| 010 ## - LIBRARY OF CONGRESS CONTROL NUMBER | |
| LC control number | 2011039868 |
| 016 7# - NATIONAL BIBLIOGRAPHIC AGENCY CONTROL NUMBER | |
| Record control number | 015904060 |
| Source | Uk |
| 020 ## - INTERNATIONAL STANDARD BOOK NUMBER | |
| International Standard Book Number | 9781412992251 (pbk. : alk. paper) |
| 020 ## - INTERNATIONAL STANDARD BOOK NUMBER | |
| International Standard Book Number | 1412992257 (pbk. : alk. paper) |
| 035 ## - SYSTEM CONTROL NUMBER | |
| System control number | (OCoLC)ocn754389901 |
| 040 ## - CATALOGING SOURCE | |
| Original cataloging agency | DLC |
| Transcribing agency | DLC |
| Modifying agency | YDX |
| -- | UKMGB |
| -- | YDXCP |
| -- | RCJ |
| -- | DLC |
| 042 ## - AUTHENTICATION CODE | |
| Authentication code | pcc |
| 050 00 - LIBRARY OF CONGRESS CALL NUMBER | |
| Classification number | HM 538 |
| Item number | .Su944 2012 |
| 082 00 - DEWEY DECIMAL CLASSIFICATION NUMBER | |
| Classification number | 001.4/33 |
| 100 1# - MAIN ENTRY--PERSONAL NAME | |
| Personal name | Sue, Valerie M. |
| 245 10 - TITLE STATEMENT | |
| Title | Conducting online surveys / |
| Statement of responsibility, etc | Valerie M. Sue, Lois A. Ritter. |
| 250 ## - EDITION STATEMENT | |
| Edition statement | 2nd ed. |
| 260 ## - PUBLICATION, DISTRIBUTION, ETC. (IMPRINT) | |
| Place of publication, distribution, etc | Thousand Oaks, Calif. : |
| Name of publisher, distributor, etc | Sage, |
| Date of publication, distribution, etc | 2012. |
| 300 ## - PHYSICAL DESCRIPTION | |
| Extent | xix, 242 pages : |
| Other physical details | illustrations ; |
| Dimensions | 23 cm. |
| 500 ## - GENERAL NOTE | |
| General note | Includes glossary, bibliographical references and index. |
| 505 00 - FORMATTED CONTENTS NOTE | |
| Miscellaneous information | Introduction -- |
| Title | Planning the online survey -- |
| -- | Sampling -- |
| -- | Writing survey questions -- |
| -- | Developing the survey instrument -- |
| -- | Conducting the survey -- |
| -- | Processing and analyzing the survey data -- |
| -- | Reporting the survey results -- |
| Miscellaneous information | Concluding comments. |
| 650 #0 - SUBJECT ADDED ENTRY--TOPICAL TERM | |
| Topical term or geographic name as entry element | Social surveys |
| General subdivision | Methodology. |
| 650 #0 - SUBJECT ADDED ENTRY--TOPICAL TERM | |
| Topical term or geographic name as entry element | Internet surveys. |
| 700 1# - ADDED ENTRY--PERSONAL NAME | |
| Personal name | Ritter, Lois A. |
| 906 ## - LOCAL DATA ELEMENT F, LDF (RLIN) | |
| a | 7 |
| b | cbc |
| c | orignew |
| d | 1 |
| e | ecip |
| f | 20 |
| g | y-gencatlg |
| 942 ## - ADDED ENTRY ELEMENTS (KOHA) | |
| Source of classification or shelving scheme | Library of Congress Classification |
| Koha item type | Books |
| Call number prefix | Foreign |
| Withdrawn status | Lost status | Source of classification or shelving scheme | Damaged status | Home library | Current library | Shelving location | Date acquired | Source of acquisition | Total Checkouts | Full call number | Barcode | Date last seen | Date checked out | Price effective from | Koha item type |
|---|---|---|---|---|---|---|---|---|---|---|---|---|---|---|---|
| Library of Congress Classification | College Library | College Library | Reserve Section | 06/01/2015 | Library Fund | 2 | HM 538 .Su944 2012 | C19478 | 05/15/2018 | 07/05/2016 | 06/01/2015 | Books | |||
| Library of Congress Classification | Southville International School Affiliated with Foreign Universities Library | Southville International School affiliated with Foreign Universities-Student Center | 06/11/2020 | Donation | HM 538 .Su944 2012 | SFU0630 | 06/11/2020 | 06/11/2020 | Books |